000 00947nam0a2200313 4500
001 RU\NLR\BIBL_A\022733926
005 20260426072737.0
010 _a978-5-6053916-5-4
_950
021 _aRU
_bКН-П-25-081824
_9КН-П-25-7923
035 _a(NLR Aleph) 022733926
090 _a13693224
_c13693224
100 _a20260220d2025 u y0rusy50 ca
101 0 _arus
102 _aRU
105 _ay z 000ay
181 0 _ai
_baxxe
182 0 _an
200 1 _aМоню из Монпазье
_eфантастическая повесть
_fРуниз Рой
203 _aТекст
_bвизуальный
_cнепосредственный
210 _aСанкт-Петербург
_cМороз
_d2025
215 _a113, [2] с.
_d22
333 _a16+
686 2 _aШ6(2=Р)8-445
700 1 _aРой
_bР.
_gРуниз
942 _cBOOK
980 _aNB